Органическая химия

Xehetasun bibliografikoak
Egile nagusia: Шабаров Ю. С. Юрий Сергеевич
Gaia:Рассмотрены основные классы циклических и нециклических органических соединений, их строение, свойства, получение. Отдельная глава посвящена теоретическим основам спектроскопии ядерного магнитного резонанса. Материал отобран с учетом важнейших достижений органической химии за последние годы. Для студентов химических факультетов университетов и химическихвузов.
Hizkuntza:errusiera
Argitaratua: Москва, Химия, 2002
Edizioa:4-е изд., стер.
Saila:Для высшей школы
Gaiak:
Formatua: Liburua
KOHA link:https://koha.lib.tpu.ru/cgi-bin/koha/opac-detail.pl?biblionumber=120657

MARC

LEADER 00000nam0a2200000 4500
001 120657
005 20231101215627.0
010 |a 5724512181 
035 |a (RuTPU)RU\TPU\book\130652 
090 |a 120657 
100 |a 20070903d2002 m y0rusy50 ca 
101 0 |a rus 
102 |a RU 
105 |a a j 001zy 
200 1 |a Органическая химия  |f Ю. С. Шабаров 
205 |a 4-е изд., стер. 
210 |a Москва  |c Химия  |d 2002 
215 |a 847 с.  |c ил. 
225 1 |a Для высшей школы 
320 |a Библиогр. список: с. 806. 
330 |a Рассмотрены основные классы циклических и нециклических органических соединений, их строение, свойства, получение. Отдельная глава посвящена теоретическим основам спектроскопии ядерного магнитного резонанса. Материал отобран с учетом важнейших достижений органической химии за последние годы. Для студентов химических факультетов университетов и химическихвузов. 
451 1 |0 (RuTPU)RU\TPU\book\34561  |y 5724509911  |t Органическая химия  |o учебное пособие: В 2-х книгах  |f Ю. С. Шабаров  |h Ч. 2. Циклические соединения  |c М.  |n Химия  |d 1994  |p 848 с.  |a Шабаров, Юрий Сергеевич 
451 1 |0 (RuTPU)RU\TPU\book\34560  |y 5724509911  |t Органическая химия  |o учебное пособие: В 2 кн.  |f Ю. С. Шабаров  |h Ч. 1. Нециклические соединения  |c М.  |n Химия  |d 1994  |p 848 с.  |a Шабаров, Юрий Сергеевич 
606 1 |a Органическая химия  |2 stltpush  |3 (RuTPU)RU\TPU\subj\47309  |9 66362 
610 1 |a учебники 
610 1 |a нециклические соединения 
610 1 |a углеводороды 
610 1 |a алифатические углеводороды 
610 1 |a галогенпроизводные 
610 1 |a спирты 
610 1 |a простые эфиры 
610 1 |a a-оксиды 
610 1 |a альдегиды 
610 1 |a кетоны 
610 1 |a ядерный магнитный резонанс 
610 1 |a ЯМР 
610 1 |a спектроскопия 
610 1 |a карбоновые кислоты 
610 1 |a азотсодержащие функциональные производные 
610 1 |a гидроксикислоты 
610 1 |a оксокислоты 
610 1 |a ацетоуксусный эфир 
610 1 |a циклические соединения 
610 1 |a алициклические соединения 
610 1 |a арены 
610 1 |a замещение 
610 1 |a ароматические ядра 
610 1 |a ароматические углеводороды 
610 1 |a диазосоединения 
610 1 |a фенолы 
610 1 |a хиноны 
675 |a 547(075.8)  |v 3 
700 1 |a Шабаров  |b Ю. С.  |g Юрий Сергеевич 
801 1 |a RU  |b 63413507  |c 20070903  |g PSBO 
801 2 |a RU  |b 63413507  |c 20160630  |g PSBO 
942 |c BK